Statistics for US States Shape Chain Game #1

Click here to take the quiz!

General Stats

  • This quiz has been taken 1,885 times
  • The average score is 7 of 8

Answer Stats

HintAnswer% Correct
HTML tutorial Florida
100%
HTML tutorial Kentucky
91%
HTML tutorial Maine
88%
HTML tutorial New York
87%
HTML tutorial Oklahoma
85%
HTML tutorial North Dakota
78%
HTML tutorial Texas
78%
North Carolina
74%

Score Distribution

Percentile by Number Answered

Percent of People with Each Score

Your Score History

You have not taken this quiz